Las vigas Timoshenko: sumarios de contribuciones científicas /
Guardado en:
| Autor Principal: | |
|---|---|
| Otros Autores: | , |
| Formato: | Libro |
| Idioma: | English |
| Publicado: |
Bahía Blanca :
Universidad nacional del Sur. Departamento de ingeniería,
1999.
|
| Edición: | 2. ed. |
| Materias: | |
| Etiquetas: |
Agregar Etiqueta
Sin Etiquetas, Sea el primero en etiquetar este registro!
|
| LEADER | 00810nam a22002175a 4500 | ||
|---|---|---|---|
| 001 | EUN.um067421 | ||
| 003 | AR-BaUNS | ||
| 005 | 20050623122931.0 | ||
| 008 | 041125s1999####ag#a##########000#0#eng#d | ||
| 245 | 1 | 4 | |a Las vigas Timoshenko: sumarios de contribuciones científicas / |c Mario J. Maurizi, Nicola M. Auciello, María A. De Rosa. |
| 260 | |a Bahía Blanca : |b Universidad nacional del Sur. Departamento de ingeniería, |c 1999. | ||
| 300 | |a 138 p. : |b ilus. ; |c 28 cm. | ||
| 100 | 1 | |a Maurizi, Mario J. | |
| 700 | 1 | |a Auciello, Nicola M. | |
| 700 | 1 | |a De Rosa, María A. | |
| 082 | 0 | 4 | |a 624.177 |
| 250 | |a 2. ed. | ||
| 653 | |a Ingenieria estructural | ||
| 653 | |a Vigas | ||
| 859 | |a Ar-BaUNS |b BIB. CENTRAL - Sector A |h 624.177 |i M447-4 |p 110244/000 | ||
| 859 | |a Ar-BaUNS |b BIB. CENTRAL - Sector A |h 624.177 |i M447-4 |p 110245/000 |t Ej.2 | ||
